<?xml version="1.0" encoding="UTF-8"?>
<marc:record xmlns:marc="http://www.loc.gov/MARC21/slim">
   <marc:leader>00000nam a2200000 a 4500</marc:leader>
   <marc:datafield ind1="1" ind2=" " tag="100">
      <marc:subfield code="a">Safier, David</marc:subfield>
      <marc:subfield code="4">aut</marc:subfield>
      <marc:subfield code="e">Verfasser/-in</marc:subfield>
   </marc:datafield>
   <marc:datafield ind1="0" ind2="0" tag="245">
      <marc:subfield code="a">Plötzlich Shakespeare</marc:subfield>
   </marc:datafield>
   <marc:datafield ind1="0" ind2="0" tag="245">
      <marc:subfield code="b">Roman</marc:subfield>
   </marc:datafield>
   <marc:datafield ind1="0" ind2="0" tag="245">
      <marc:subfield code="c">David Safier</marc:subfield>
   </marc:datafield>
   <marc:datafield ind1=" " ind2="1" tag="264">
      <marc:subfield code="a">Reinbek bei Hamburg</marc:subfield>
      <marc:subfield code="b">Rowohlt Taschenbuch Verlag</marc:subfield>
      <marc:subfield code="c">2011</marc:subfield>
   </marc:datafield>
   <marc:datafield ind1="1" ind2=" " tag="490">
      <marc:subfield code="a">Rowohlt Tb.</marc:subfield>
      <marc:subfield code="v">24812</marc:subfield>
   </marc:datafield>
   <marc:datafield ind1=" " ind2=" " tag="250">
      <marc:subfield code="a">2</marc:subfield>
   </marc:datafield>
   <marc:datafield ind1="1" ind2=" " tag="520">
      <marc:subfield code="a">Die liebeskranke Rosa wird per Hypnose in ein früheres Leben versetzt. In den Körper eines Mannes, der sich gerade duelliert: William Shakespeare. Wir schreiben das Jahr 1594, und Rosa darf erst wieder zurück in die Gegenwart, wenn sie herausgefunden hat, was die wahre Liebe ist. Keine einfache Aufgabe: Sie muss sich als Mann im London des 16. Jahrhunderts nicht nur mit liebestollen Verehrerinnen rumschlagen, sondern auch mit Shakespeare selber, der nicht begeistert ist, dass eine Frau seinen Körper kontrolliert. Und während sich die beiden in ihrem gemeinsamen Körper kabbeln, entwickelt sich zwischen ihnen die merkwürdigste Lovestory der Weltgeschichte.</marc:subfield>
   </marc:datafield>
   <marc:datafield ind1=" " ind2=" " tag="020">
      <marc:subfield code="a">9783499248122</marc:subfield>
      <marc:subfield code="9">9783499248122</marc:subfield>
   </marc:datafield>
   <marc:datafield ind1=" " ind2=" " tag="020">
      <marc:subfield code="a">3499248123</marc:subfield>
      <marc:subfield code="9">3499248123</marc:subfield>
   </marc:datafield>
   <marc:datafield ind1=" " ind2=" " tag="300">
      <marc:subfield code="a">314 Seiten</marc:subfield>
   </marc:datafield>
</marc:record>
